000 002720000a22000970004500
100 1 _aBorgen, Peder
245 1 0 _aC. Kingsley Barrett : A tribute on his eightieth birthday
300 _aVol. 39, Num. 3 (Julio, 1997), Página 209
773 0 _tNovum Testamentum
942 _cANA
999 _c56984
_d56984